Mañana : (Record no. 29303)

MARC details
000 -LEADER
campo de control de longitud fija 01251ntaaa2200349 4500
003 - IDENTIFICADOR DE NÚMERO DE CONTROL
campo de control 01
005 - FECHA Y HORA DE LA ÚLTIMA TRANSACCIÓN
campo de control 20251027203355.0
008 - DATOS DE LONGITUD FIJA--INFORMACIÓN GENERAL
campo de control de longitud fija 0714s1973 ag 01
020 ## - NÚMERO INTERNACIONAL ESTÁNDAR DEL LIBRO
Número Internacional Estándar del Libro 0687230675
040 ## - FUENTE DE CATALOGACIÓN
Centro catalogador/agencia de origen AR-BaBN
Lengua de catalogación spa
Centro/agencia transcriptor AR-BaBN
Normas de descripción aacr
Centro/agencia modificador RIC
100 ## - ENTRADA PRINCIPAL--NOMBRE DE PERSONA
Nombre de persona González, Justo L.
9 (RLIN) 74
245 ## - MENCIÓN DEL TÍTULO
Título Mañana :
Resto del título christian theology from a hispanic perspective /
Mención de responsabilidad, etc. Justo L. González, con introducción de Virgilio P. Elizondo
260 ## - PUBLICACIÓN, DISTRIBUCIÓN, ETC.
Lugar de publicación, distribución, etc. Nashville :
Nombre del editor, distribuidor, etc. Abingdon Press,
Fecha de publicación, distribución, etc. c1990
300 ## - DESCRIPCIÓN FÍSICA
Extensión 184 p. ;
Dimensiones 23 cm.
500 ## - NOTA GENERAL
Nota general Donación de Pablo A. Deiros, 2022
500 ## - NOTA GENERAL
Nota general Incluye referencias bibliográficas
505 ## - NOTA DE CONTENIDO CON FORMATO
Título 1. La importancia de una perspectiva minoritaria
505 ## - NOTA DE CONTENIDO CON FORMATO
Título 2. ¿Quiénes somos nosotros?
505 ## - NOTA DE CONTENIDO CON FORMATO
Título 3. El contexto más amplio
505 ## - NOTA DE CONTENIDO CON FORMATO
Título 4. Hispanos en la Nueva Reforma
505 ## - NOTA DE CONTENIDO CON FORMATO
Título 5. Leyendo la Biblia en español
505 ## - NOTA DE CONTENIDO CON FORMATO
Título 6. Que los dioses muertos entierren a sus muertos
505 ## - NOTA DE CONTENIDO CON FORMATO
Título 7. El que vive como tres
505 ## - NOTA DE CONTENIDO CON FORMATO
Título 8. Creador de cielo y tierra
505 ## - NOTA DE CONTENIDO CON FORMATO
Título 9. Sobre ser humano
505 ## - NOTA DE CONTENIDO CON FORMATO
Título 10. Y la palabra se hizo carne
505 ## - NOTA DE CONTENIDO CON FORMATO
Título 11. Vida en el Espíritu
650 ## - PUNTO DE ACCESO ADICIONAL DE MATERIA--TÉRMINO DE MATERIA
Término de materia o nombre geográfico como elemento de entrada TEOLOGIA
651 ## - PUNTO DE ACCESO ADICIONAL DE MATERIA--NOMBRE GEOGRÁFICO
Nombre geográfico AMERICA LATINA
9 (RLIN) 34304
700 ## - ENTRADA AGREGADA--NOMBRE PERSONAL
Nombre de persona Elizondo, Virgilio P.
Término indicativo de función/relación introducción
9 (RLIN) 37846
942 ## - ELEMENTOS DE ENTRADA SECUNDARIOS (KOHA)
Tipo de ítem Koha Colección General
Holdings
Estatus retirado Estado de pérdida Estado de daño No para préstamo Biblioteca de origen Biblioteca actual Fecha de adquisición Número de inventario Total de préstamos Código de barras Visto por última vez Precio de reemplazo Tipo de ítem Koha
        Biblioteca Pluis Biblioteca Pluis 27/10/2025 045831   045831 27/10/2025 27/10/2025 Colección General